احساس / (Record no. 172339)

MARC details
000 -LEADER
fixed length control field 00563nam a22001937a 4500
005 - DATE AND TIME OF LATEST TRANSACTION
control field 20200203115314.0
010 ## - LCCN (DPL NO)
LC control number B-208940
020 ## - INTERNATIONAL STANDARD BOOK NUMBER
Terms of availability 100.00
035 ## - SYSTEM CONTROL NUMBER
System control number B-208940
037 ## - SOURCE OF ACQUISITION
Source of stock number/acquisition BPPD/Pub.
082 ## - DEWEY DECIMAL CLASSIFICATION NUMBER
Classification number 841
100 ## - MAIN ENTRY--PERSONAL NAME
Personal name شمشاد حسین
245 ## - TITLE STATEMENT
Title احساس /
Statement of responsibility, etc شمشاد حسین
246 ## - VARYING FORM OF TITLE
Title proper/short title Ihsas (Urdu) /
Remainder of title by Shamshad Husain
260 ## - PUBLICATION, DISTRIBUTION, ETC. (IMPRINT)
Place of publication, distribution, etc Delhi
Name of publisher, distributor, etc Educational Publishing House
Date of publication, distribution, etc 2006 ء
270 ## - ADDRESS
Address 3108, Gali Vakil Kucha Pandit, Lal Kuan
City Delhi
Postal code 110006
300 ## - PHYSICAL DESCRIPTION
Extent ص
Dimensions 22cm(Hb)
942 ## - ADDED ENTRY ELEMENTS (KOHA)
Source of classification or shelving scheme Dewey Decimal Classification
Item type Urdu Bks
Classification part 841
Call number suffix ش م ش
Holdings
Withdrawn status Lost status Not for loan Collection code Home library Current library Date acquired Source of acquisition Cost, normal purchase price Full call number Barcode Copy number Cost, replacement price Koha item type
      Non-fiction Central Library Central Library 03/02/2020 BPPD/Ven. 100.00 841 ش م ش B-208940 1 100.00 Urdu Bks

© Delhi Public Library
Hit Counter
free hit counter